Blansko v letech 1945-1990 : (život města od konce II. světové války do prvních svobodných voleb v roce 1990) /

Další autoři: Košťál, Pavel, 1976-
Jazyk: Čeština
Vydáno: Blansko : Muzeum Blansko, 2004
Témata:
Fyzický popis: 283 s. : il., portréty, faksim. ; 21 cm
Knihy
Uloženo v:
LEADER 01298nam a2200337 a 4500
001 000780079
003 CZ BrMZK
005 20090630094959.0
007 ta
008 050622s2004 xr ach fr 000 0 cze c
015 |a cnb001572392 
020 |a 80-903081-5-5  |q (brož.) 
035 |a (OCoLC)85156472 
040 |a OLA001  |b cze  |d BOA001 
043 |a e-xr---  |b e-xr-jm  |2 czenas 
072 7 |a 94(437)  |x Dějiny Česka a Slovenska  |2 Konspekt  |9 8 
080 |a 94(437.322)  |2 MRF 
080 |a (048.8)  |2 MRF 
245 0 0 |a Blansko v letech 1945-1990 :  |b (život města od konce II. světové války do prvních svobodných voleb v roce 1990) /  |c Pavel Košťál ... [et al.] 
260 |a Blansko :  |b Muzeum Blansko,  |c 2004 
300 |a 283 s. :  |b il., portréty, faksim. ;  |c 21 cm 
500 |a 1000 výt. 
504 |a Obsahuje bibliografie 
655 7 |a monografie  |7 fd132842  |2 czenas 
651 7 |a Blansko (Česko)  |7 ge128766  |x dějiny  |z 1945-1990  |2 czenas 
700 1 |a Košťál, Pavel,  |d 1976-  |7 mzk2005282636  |4 aut 
910 |a BOA001  |b 2-1154.712 
990 |a BK 
991 |b 200508  |c NOV 
996 6 |b 2610254698  |c 2-1154.712  |l MZK  |r Sklad / do 1 hodiny  |n 7  |p p.v.  |w 000780079  |u 000010  |a 1  |e BOA001  |j MZK50  |s P 
996 7 |b 2610254699  |c 2-1154.712  |l MZK  |r Sklad / do 1 hodiny  |n 12  |p p.v.  |w 000780079  |u 000020  |a 1  |e BOA001  |j MZK50  |s A